Broadcast & cablesat

Detalles Bibliográficos
Formato: Electrónico Revista
Lenguaje:inglés
Publicado: New Delhi, India : Athena Information Solutions
Materias:
Acceso en línea:Full text available from Research Library: 01/01/2009 to present

MARC

LEADER 00000nas a2200000 i 4500
001 ssj0001068415
003 WaSeSS
005 20200512172242.0
006 m d
007 cr n
008 131212c20uu9999ii m| p|s|||||| |0eng d
035 |a (WaSeSS)ssj0001068415 
040 |a WaSeSS  |b eng  |c WaSeSS  |d WaSeSS 
050 1 4 |a TK6675 
245 0 0 |a Broadcast & cablesat  |h [electronic resource]. 
246 1 |a Broadcast and cablesat 
260 |a New Delhi, India :  |b Athena Information Solutions 
310 |a Monthly 
506 |a License restrictions may limit access. 
588 |a Description based on: January 2009; title from title screen (ProQuest, viewed Dec. 12, 2013). 
588 |a Latest issue consulted: November 2013 (viewed Dec. 12, 2013). 
650 0 |a Cable television  |v Periodicals. 
655 0 |a Electronic journals. 
856 4 0 |z Full text available from Research Library: 01/01/2009 to present  |u https://search.proquest.com/publication/55056